书目信息 |
| 题名: |
信息论与编码
|
|
| 作者: | 傅祖芸 , 赵建中 编著 | |
| 分册: | ||
| 出版信息: | 北京 电子工业出版社 2006.04 |
|
| 页数: | 394页 | |
| 开本: | 23cm | |
| 丛书名: | ||
| 单 册: | ||
| 中图分类: | TN911.2 | |
| 科图分类: | ||
| 主题词: | 信息论--xin xi lun--信源编码--编码理论 , 信道编码--xin dao bian ma--编码理论 | |
| 电子资源: | ||
| ISBN: | 7-121-02485-3 | |
| 000 | 00956nam0 2200253 450 | |
| 001 | 012006651735 | |
| 005 | 20061205160456.84 | |
| 010 | @a7-121-02485-3@dCNY35.00 | |
| 100 | @a20061101d2006 km y0chiy0120 ea | |
| 101 | 0 | @achi |
| 102 | @aCN@b110000 | |
| 105 | @aa a 000yy | |
| 200 | 1 | @a信息论与编码@Axin xi lun yu bian ma@f傅祖芸, 赵建中编著@Ffu zu yun,zhao jian zhong bian zhu |
| 210 | @a北京@c电子工业出版社@d2006.04 | |
| 215 | @a394页@c图@d23cm | |
| 320 | @a有书目 (第393-394页)。 | |
| 330 | @a本书系统地论述信息论与纠错编码的基本理论。共有9章,内容包括:信息的定义和度量,离散信源和连续信源的信息熵,三个香农信息论的基本定理,若干种常见实用的无失真信源压缩编码的方法等。 | |
| 606 | 0 | @a信息论@Axin xi lun@x信源编码@x编码理论 |
| 606 | 0 | @a信道编码@Axin dao bian ma@x编码理论 |
| 690 | @aTN911.2@v4 | |
| 701 | 0 | @a傅祖芸@Afu zu yun@4编著 |
| 701 | 0 | @a赵建中@Azhao jian zhong@4编著 |
| 801 | 0 | @aCN@c20061205 |
| 905 | @a10447@dTN911.2@eF988 | |
| 信息论与编码/傅祖芸, 赵建中编著.-北京:电子工业出版社,2006.04 |
| 394页:图;23cm |
| ISBN 7-121-02485-3:CNY35.00 |
| 本书系统地论述信息论与纠错编码的基本理论。共有9章,内容包括:信息的定义和度量,离散信源和连续信源的信息熵,三个香农信息论的基本定理,若干种常见实用的无失真信源压缩编码的方法等。 |
| ● |
| 相关链接 |
|
|
|
正题名:信息论与编码
索取号:TN911.2/F988
 
预约/预借
| 序号 | 登录号 | 条形码 | 馆藏地/架位号 | 状态 | 备注 |
| 1 | 225217 | 202252178 | 自科库301/301自科库 34排2列1层/ [索取号:TN911.2/F988] | 在馆 | |
| 2 | 225218 | 202252187 | 自科库301/301自科库 34排2列1层/ [索取号:TN911.2/F988] | 在馆 |